000 00628nam a2200205 a 4500
001 BRCA_588
005 20190320203056.0
008 140408s2001-------a---###---#000-0#spa-#
020 _a9152007359
050 4 _aNK4761
_b.T73 2001
245 1 0 _aTrajes regionales de Suecia
_ctexto Ingrid Bergman : foto Anja Notini.
260 _aSuecia
_bIngrid Bergman : Instituto Sueco
_c2001
300 _a34 p.
_bil. a color
_c23 cm.
650 1 4 _aTrajes típicos
_zSuecia
_92024
650 1 4 _aVestido tradicional
_zSuecia
_92025
653 0 _aIndumentaria
700 1 _aBergman, Ingrid
_92026
700 1 _aNotini, Anja
_92027
942 _2lcc
_cB
999 _c516
_d516